[Event "Titled Tuesday intern op 19th Sep Late"]
[Site "Chess.com INT"]
[Date "2023.09.19"]
[Round "7"]
[White "Florianovitz, Derlei Alex"]
[Black "Romero Ruscalleda, Josep"]
[Result "0-1"]
[WhiteElo "2068"]
[BlackElo "2160"]
[PlyCount "60"]
[EventDate "2023.09.19"]
[EventType "swiss (blitz)"]
[EventRounds "11"]
[EventCountry "USA"]
[SourceTitle "EXT 2024"]
[Source "ChessBase"]
[SourceDate "2023.10.10"]
[SourceVersion "1"]
[SourceVersionDate "2023.10.10"]
[SourceQuality "1"]

1. e4 g6 2. d4 Bg7 3. Nc3 d6 4. Be3 a6 5. Qd2 b5 6. a3 Bb7 7. Bd3 Nd7 8. f4 Ngf6 9. h3 c5 10. e5 cxd4 11. Bxd4 dxe5 12. fxe5 Nh5 13. Qe3 Bxg2 14. Rh2 Bb7 15. Be2 Qc7 16. Bxh5 gxh5 17. Re2 0-0-0 18. 0-0-0 e6 19. Nf3 Bh6 20. Qxh6 Bxf3 21. Qe3 Bxe2 22. Qxe2 h4 23. Qf3 Qb7 24. Ne4 Kb8 25. Qe3 Rhg8 26. Nd6 Qc6 27. Nxf7 Rc8 28. Bc3 Rg3 29. Qf2 Nc5 30. Rd6 Qh1+ 0-1

[Event "Titled Tuesday intern op 19th Sep Late"]
[Site "Chess.com INT"]
[Date "2023.09.19"]
[Round "6"]
[White "Herman, Daniel"]
[Black "Florianovitz, Derlei Alex"]
[Result "1-0"]
[WhiteElo "1927"]
[BlackElo "2068"]
[PlyCount "117"]
[EventDate "2023.09.19"]
[EventType "swiss (blitz)"]
[EventRounds "11"]
[EventCountry "USA"]
[SourceTitle "EXT 2024"]
[Source "ChessBase"]
[SourceDate "2023.10.10"]
[SourceVersion "1"]
[SourceVersionDate "2023.10.10"]
[SourceQuality "1"]

1. e4 e6 2. d4 d5 3. Bd3 c5 4. dxc5 dxe4 5. Bxe4 Qxd1+ 6. Kxd1 Bxc5 7. Ke2 Ne7 8. Nc3 a6 9. Be3 Bxe3 10. Kxe3 Nbc6 11. Nge2 b5 12. Nd4 Bb7 13. a4 b4 14. Na2 a5 15. Nb5 0-0-0 16. Rhd1 Rxd1 17. Rxd1 f5 18. Bf3 Rd8 19. Rxd8+ Nxd8 20. Nd6+ Kc7 21. Ne8+ Kd7 22. Nxg7 Bxf3 23. Kxf3 Nb7 24. Nc1 Nc5 25. b3 Nd5 26. Nd3 Nxd3 27. cxd3 Kd6 28. g3 Ke5 29. Ke2 Nc7 30. Nh5 Na6 31. Kd2 Nc5 32. Kc2 Kd4 33. Nf4 e5 34. Ne2+ Kd5 35. f3 h5 36. h3 Ne6 37. g4 fxg4 38. fxg4 hxg4 39. hxg4 Ng5 40. Kd2 Nf3+ 41. Ke3 Ng5 42. Ng3 Kc5 43. Ne4+ Nxe4 44. Kxe4 Kd6 45. g5 Ke6 46. g6 Kf6 47. g7 Kxg7 48. Kxe5 Kf7 49. Kd6 Kf6 50. d4 Kf5 51. Kc6 Ke4 52. d5 Kd3 53. d6 Kc3 54. d7 Kxb3 55. d8Q Kxa4 56. Kc5 b3 57. Kc4 b2 58. Qd1+ Ka3 59. Qb3# 1-0

[Event "Titled Tuesday intern op 05th Sep Late"]
[Site "Chess.com INT"]
[Date "2023.09.05"]
[Round "7"]
[White "Florianovitz, Derlei Alex"]
[Black "Bolanos Lopez, Juan Jacobo"]
[Result "1-0"]
[WhiteElo "2068"]
[BlackElo "2021"]
[PlyCount "91"]
[EventDate "2023.09.05"]
[EventType "swiss (blitz)"]
[EventRounds "11"]
[EventCountry "USA"]
[SourceTitle "EXT 2024"]
[Source "ChessBase"]
[SourceDate "2023.10.10"]
[SourceVersion "1"]
[SourceVersionDate "2023.10.10"]
[SourceQuality "1"]

1. e4 c5 2. Nf3 e6 3. d4 cxd4 4. Nxd4 a6 5. Nc3 Qc7 6. a3 Nf6 7. Bd3 b5 8. 0-0 Bb7 9. Qe2 d6 10. Bg5 Be7 11. Rae1 0-0 12. Be3 Nbd7 13. f4 Nc5 14. Bf2 d5 15. e5 Nfe4 16. Bxe4 dxe4 17. b4 Nd3 18. cxd3 Qxc3 19. dxe4 Qxa3 20. f5 Bxb4 21. Rd1 exf5 22. exf5 Be7 23. Rd3 Qb4 24. Rg3 Bh4 25. Rxg7+ Kxg7 26. Qg4+ Kh8 27. Bxh4 f6 28. Bxf6+ Rxf6 29. exf6 Rg8 30. Qxg8+ Kxg8 31. Ne6 Qe4 32. f7+ Kxf7 33. Ng5+ Kf6 34. Nxe4+ Bxe4 35. h4 b4 36. g4 b3 37. g5+ Ke5 38. Rf2 a5 39. f6 Bg6 40. Rb2 a4 41. Kf2 Kd4 42. Kg3 Kc3 43. h5 Bxh5 44. Rf2 Bf7 45. Rh2 Bg6 46. Rxh7 1-0

[Event "Titled Tuesday intern op 05th Sep Late"]
[Site "Chess.com INT"]
[Date "2023.09.05"]
[Round "8"]
[White "Vargas, Mauricio"]
[Black "Florianovitz, Derlei Alex"]
[Result "0-1"]
[WhiteElo "1961"]
[BlackElo "2068"]
[PlyCount "58"]
[EventDate "2023.09.05"]
[EventType "swiss (blitz)"]
[EventRounds "11"]
[EventCountry "USA"]
[SourceTitle "EXT 2024"]
[Source "ChessBase"]
[SourceDate "2023.10.10"]
[SourceVersion "1"]
[SourceVersionDate "2023.10.10"]
[SourceQuality "1"]

1. e4 e6 2. f4 d5 3. e5 c5 4. Nf3 Nc6 5. Bb5 Nge7 6. Bxc6+ Nxc6 7. 0-0 Be7 8. d3 0-0 9. Qe1 f6 10. c3 fxe5 11. fxe5 Bd7 12. Nbd2 Be8 13. Nb3 Bg6 14. Qd1 Qc7 15. Be3 b6 16. Kh1 Nxe5 17. d4 Nxf3 18. Rxf3 c4 19. Nd2 Bd6 20. Rh3 Rf7 21. Nf1 Raf8 22. Qe2 Bd3 23. Rxh7 Kxh7 24. Qh5+ Kg8 25. Ng3 Bxg3 26. hxg3 Qxg3 27. Bg1 Rf1 28. Rxf1 Bxf1 29. Bh2 Qxg2# 0-1

[Event "Titled Tuesday intern op 29th Aug Early"]
[Site "Chess.com INT"]
[Date "2023.08.29"]
[Round "11"]
[White "Czerw, Dawid"]
[Black "Florianovitz, Derlei Alex"]
[Result "1-0"]
[WhiteElo "2400"]
[BlackElo "2087"]
[PlyCount "67"]
[EventDate "2023.08.29"]
[EventType "swiss (blitz)"]
[EventRounds "11"]
[EventCountry "USA"]
[SourceTitle "EXT 2024"]
[Source "ChessBase"]
[SourceDate "2023.10.10"]
[SourceVersion "1"]
[SourceVersionDate "2023.10.10"]
[SourceQuality "1"]

1. e4 e6 2. d4 d5 3. Nc3 Nf6 4. Bg5 dxe4 5. Nxe4 Be7 6. Bxf6 gxf6 7. Nf3 b6 8. g3 Bb7 9. Nc3 Nd7 10. Bg2 c6 11. 0-0 Qc7 12. Qe2 0-0-0 13. a4 a6 14. a5 b5 15. Nb1 h5 16. Nbd2 h4 17. c4 hxg3 18. hxg3 Kb8 19. Rfc1 b4 20. c5 f5 21. Nc4 Nf6 22. Nb6 Nd5 23. Ra4 f4 24. Ne5 fxg3 25. Nxd5 gxf2+ 26. Kf1 exd5 27. Rxb4 Bg5 28. Rc3 Ka8 29. Rcb3 Rb8 30. Rb6 f6 31. Nxc6 Rbe8 32. Rxa6+ Bxa6 33. Qxa6+ Qa7 34. Qxa7# 1-0

[Event "Titled Tuesday intern op 29th Aug Early"]
[Site "Chess.com INT"]
[Date "2023.08.29"]
[Round "8"]
[White "Herman, Daniel"]
[Black "Florianovitz, Derlei Alex"]
[Result "1-0"]
[WhiteElo "1928"]
[BlackElo "2087"]
[PlyCount "87"]
[EventDate "2023.08.29"]
[EventType "swiss (blitz)"]
[EventRounds "11"]
[EventCountry "USA"]
[SourceTitle "EXT 2024"]
[Source "ChessBase"]
[SourceDate "2023.10.10"]
[SourceVersion "1"]
[SourceVersionDate "2023.10.10"]
[SourceQuality "1"]

1. Nf3 g6 2. e4 d6 3. d4 Bg7 4. Bc4 Nf6 5. Qe2 0-0 6. h3 c6 7. Bb3 a5 8. a3 b5 9. 0-0 c5 10. e5 Nfd7 11. e6 fxe6 12. Qxe6+ Kh8 13. Ng5 c4 14. Ba2 Bxd4 15. Nf7+ Rxf7 16. Qxf7 Bb7 17. Nc3 Ne5 18. Qf4 Bxc3 19. bxc3 Nbd7 20. Rb1 Qb6 21. Be3 Qc6 22. Qg3 Nf6 23. Bd4 Kg8 24. f4 Ne4 25. Qh2 Nd7 26. Rfe1 Rf8 27. a4 bxa4 28. Bxc4+ Qxc4 29. Rxb7 Ndf6 30. Rxe7 a3 31. R1xe4 Nxe4 32. Rxe4 a2 33. Re1 Rb8 34. Qg3 Rb1 35. Qe3 Rxe1+ 36. Qxe1 Qb5 37. Qe6+ Kf8 38. Qxd6+ Kf7 39. Qc7+ Ke6 40. f5+ gxf5 41. Qc8+ Kd5 42. Qg8+ Ke4 43. Qe6+ Kf4 44. Be3+ 1-0

[Event "Titled Tuesday intern op 22nd Aug Late"]
[Site "Chess.com INT"]
[Date "2023.08.22"]
[Round "7"]
[White "Florianovitz, Derlei Alex"]
[Black "Nurgaliyeva, Zarina"]
[Result "0-1"]
[WhiteElo "2087"]
[BlackElo "2051"]
[PlyCount "66"]
[EventDate "2023.08.22"]
[EventType "swiss (blitz)"]
[EventRounds "11"]
[EventCountry "USA"]
[SourceTitle "EXT 2024"]
[Source "ChessBase"]
[SourceDate "2023.10.10"]
[SourceVersion "1"]
[SourceVersionDate "2023.10.10"]
[SourceQuality "1"]

1. e4 e5 2. Nf3 Nc6 3. Bb5 a6 4. Ba4 Nf6 5. 0-0 Be7 6. Re1 b5 7. Bb3 d6 8. c3 0-0 9. h3 Nb8 10. d4 Nbd7 11. Nbd2 Bb7 12. Bc2 Re8 13. Nf1 Bf8 14. g4 exd4 15. g5 Nxe4 16. Nxd4 c5 17. Nf5 d5 18. Bf4 g6 19. Nh6+ Bxh6 20. gxh6 Qf6 21. Qg4 Ne5 22. Bxe5 Rxe5 23. f4 Rf5 24. Ng3 Rxf4 25. Rxe4 dxe4 26. Qd7 Bc6 27. Qc7 Qg5 28. Kh2 Rf2+ 29. Kg1 Rxc2 30. Rf1 Bd5 31. h4 Qd2 32. Ne2 Qxe2 33. Qg3 e3 0-1

[Event "Titled Tuesday intern op 22nd Aug Late"]
[Site "Chess.com INT"]
[Date "2023.08.22"]
[Round "11"]
[White "Melikhov, Evgeny V"]
[Black "Florianovitz, Derlei Alex"]
[Result "1-0"]
[WhiteElo "2252"]
[BlackElo "2087"]
[PlyCount "71"]
[EventDate "2023.08.22"]
[EventType "swiss (blitz)"]
[EventRounds "11"]
[EventCountry "USA"]
[SourceTitle "EXT 2024"]
[Source "ChessBase"]
[SourceDate "2023.10.10"]
[SourceVersion "1"]
[SourceVersionDate "2023.10.10"]
[SourceQuality "1"]

1. d4 Nf6 2. c4 e6 3. Nc3 Bb4 4. Qc2 c5 5. dxc5 Bxc3+ 6. Qxc3 0-0 7. Nf3 Ne4 8. Qc2 Nxc5 9. b3 Nc6 10. Bb2 b6 11. e3 h6 12. 0-0-0 a5 13. h4 a4 14. Qc3 f6 15. b4 Ne4 16. Qc2 a3 17. Qxe4 axb2+ 18. Kxb2 Bb7 19. a3 Qe7 20. Qd3 Rfc8 21. Qd6 Qf7 22. Qxd7 Qf8 23. Qxb7 Nxb4 24. Rd7 Nc6 25. c5 Ne5 26. Nxe5 fxe5 27. Be2 bxc5 28. Kc2 c4 29. Rh3 Kh8 30. Rg3 Rxa3 31. Rgxg7 Ra2+ 32. Kd1 Ra1+ 33. Kc2 Ra2+ 34. Kb1 Ra1+ 35. Kxa1 Qa3+ 36. Kb1 1-0

[Event "Titled Tuesday intern op 22nd Aug Late"]
[Site "Chess.com INT"]
[Date "2023.08.22"]
[Round "3"]
[White "Sari, Yasin"]
[Black "Florianovitz, Derlei Alex"]
[Result "1/2-1/2"]
[WhiteElo "2280"]
[BlackElo "2087"]
[PlyCount "110"]
[EventDate "2023.08.22"]
[EventType "swiss (blitz)"]
[EventRounds "11"]
[EventCountry "USA"]
[SourceTitle "EXT 2024"]
[Source "ChessBase"]
[SourceDate "2023.10.10"]
[SourceVersion "1"]
[SourceVersionDate "2023.10.10"]
[SourceQuality "1"]

1. Nf3 c5 2. e4 Nc6 3. Bb5 a6 4. Bxc6 bxc6 5. 0-0 d6 6. c3 e5 7. d4 cxd4 8. cxd4 Bg4 9. dxe5 Bxf3 10. Qxf3 dxe5 11. Rd1 Qc7 12. b3 Bc5 13. Bb2 Nf6 14. Nd2 0-0 15. Rac1 Bd4 16. Bxd4 exd4 17. Nc4 Rad8 18. e5 Nd7 19. Qg3 c5 20. Nd6 Nxe5 21. Qxe5 Qxd6 22. Qxc5 h6 23. g3 d3 24. Qxd6 Rxd6 25. Rd2 Re8 26. Rcd1 Re2 27. Kg2 g5 28. Kf1 Rde6 29. a4 Rxd2 30. Rxd2 Rd6 31. f3 f5 32. f4 gxf4 33. gxf4 Rd4 34. Kg2 Rxf4 35. Rxd3 Rb4 36. Kf3 Kg7 37. Ke2 Kg6 38. Kd2 Kg5 39. Kc3 Re4 40. b4 f4 41. b5 axb5 42. axb5 Kg4 43. Rd8 Kf3 44. b6 Re3+ 45. Kb4 Re1 46. Kc5 Kg2 47. b7 Rb1 48. b8Q Rxb8 49. Rxb8 f3 50. Kd4 f2 51. Rg8+ Kxh2 52. Rf8 Kg1 53. Rg8+ Kh2 54. Rf8 Kg2 55. Rg8+ Kh2 1/2-1/2

[Event "Titled Tuesday intern op 15th Aug Late"]
[Site "Chess.com INT"]
[Date "2023.08.15"]
[Round "9"]
[White "Beulen, Marcel"]
[Black "Florianovitz, Derlei Alex"]
[Result "1-0"]
[WhiteElo "2359"]
[BlackElo "2087"]
[PlyCount "81"]
[EventDate "2023.08.15"]
[EventType "swiss (blitz)"]
[EventRounds "11"]
[EventCountry "USA"]
[SourceTitle "EXT 2024"]
[Source "ChessBase"]
[SourceDate "2023.10.10"]
[SourceVersion "1"]
[SourceVersionDate "2023.10.10"]
[SourceQuality "1"]

1. e4 e6 2. d4 d5 3. exd5 exd5 4. Nf3 Bd6 5. c4 Bg4 6. h3 Bh5 7. Nc3 Qe7+ 8. Be3 Nf6 9. Be2 c6 10. 0-0 h6 11. Re1 Bb4 12. Qb3 Bxc3 13. bxc3 0-0 14. Bf4 Bxf3 15. Bxf3 Qd7 16. Rab1 b6 17. cxd5 Nxd5 18. Bg3 Na6 19. c4 Nf6 20. Qa4 Nc7 21. Bxc6 Qd8 22. Bxa8 Nxa8 23. c5 Nd5 24. Bd6 b5 25. Qxa7 Re8 26. Qb7 Nc3 27. Rxe8+ Qxe8 28. Rf1 Ne2+ 29. Kh1 Nxd4 30. Qd5 Nc6 31. Qd3 b4 32. Qd2 Qd7 33. Qe3 Nc7 34. Bxc7 Qxc7 35. Rd1 Kh7 36. Qe4+ g6 37. Qd5 Ne5 38. Qd6 Qc6 39. Qxc6 Nxc6 40. Rd6 Nd4 41. c6 1-0

[Event "Titled Tuesday intern op 15th Aug Late"]
[Site "Chess.com INT"]
[Date "2023.08.15"]
[Round "7"]
[White "Dwilewicz, Katarzyna"]
[Black "Florianovitz, Derlei Alex"]
[Result "1-0"]
[WhiteElo "2163"]
[BlackElo "2087"]
[PlyCount "83"]
[EventDate "2023.08.15"]
[EventType "swiss (blitz)"]
[EventRounds "11"]
[EventCountry "USA"]
[SourceTitle "EXT 2024"]
[Source "ChessBase"]
[SourceDate "2023.10.10"]
[SourceVersion "1"]
[SourceVersionDate "2023.10.10"]
[SourceQuality "1"]

1. e4 e6 2. d4 d5 3. Nd2 c5 4. exd5 Qxd5 5. Ngf3 cxd4 6. Bc4 Qd7 7. 0-0 Nc6 8. Nb3 a6 9. Nbxd4 Nxd4 10. Nxd4 Qc7 11. Bb3 Bd6 12. h3 Bd7 13. Re1 0-0-0 14. Qe2 Nf6 15. Bg5 h6 16. Bxf6 gxf6 17. c4 Bh2+ 18. Kh1 Be5 19. Nf3 Bxb2 20. Qxb2 Bc6 21. Qxf6 Rhg8 22. Rad1 Bxf3 23. Qxf3 Qa5 24. Kh2 Rxd1 25. Rxd1 Qe5+ 26. g3 f5 27. Qe3 Qf6 28. c5 Rg7 29. Qxe6+ Qxe6 30. Bxe6+ Kc7 31. Bxf5 Kc6 32. Rd6+ Kxc5 33. Rxh6 Rf7 34. g4 b5 35. Rxa6 b4 36. h4 Kd4 37. Kg3 Ke5 38. h5 Kd4 39. h6 Kc3 40. h7 Kb2 41. h8Q+ Kc1 42. Rc6+ 1-0

[Event "Joacaba op 2nd"]
[Site "Joacaba"]
[Date "2023.07.02"]
[Round "5"]
[White "Florianovitz, Derlei Alex"]
[Black "Schena, Arthur"]
[Result "1-0"]
[WhiteElo "2079"]
[BlackElo "1885"]
[PlyCount "43"]
[EventDate "2023.06.30"]
[EventType "swiss"]
[EventRounds "6"]
[EventCountry "BRA"]
[SourceTitle "CBM 215 Extra"]
[Source "ChessBase"]
[SourceDate "2023.09.30"]
[SourceVersion "1"]
[SourceVersionDate "2023.09.30"]
[SourceQuality "1"]

1. e4 c5 2. Nc3 e6 3. g3 Nc6 4. Bg2 d6 5. f4 g6 6. Nf3 Bg7 7. d3 Nge7 8. 0-0 0-0 9. g4 f5 10. gxf5 gxf5 11. Ne2 Bd7 12. Kh1 Rc8 13. Ng3 b5 14. Nh5 Bh8 15. exf5 exf5 16. Rg1 Ng6 17. Ng5 Nce7 18. Qe2 Qe8 19. Bd2 d5 20. Rae1 h6 21. Qxe7 Qxe7 22. Bxd5+ 1-0

[Event "Joacaba op 2nd"]
[Site "Joacaba"]
[Date "2023.07.01"]
[Round "4"]
[White "Mariani, Kim Paul"]
[Black "Florianovitz, Derlei Alex"]
[Result "0-1"]
[WhiteElo "1539"]
[BlackElo "2079"]
[PlyCount "60"]
[EventDate "2023.06.30"]
[EventType "swiss"]
[EventRounds "6"]
[EventCountry "BRA"]
[SourceTitle "CBM 215 Extra"]
[Source "ChessBase"]
[SourceDate "2023.09.30"]
[SourceVersion "1"]
[SourceVersionDate "2023.09.30"]
[SourceQuality "1"]

1. e4 e6 2. Nf3 d5 3. e5 c5 4. b4 c4 5. c3 Bd7 6. d4 cxd3 7. Bxd3 Qc7 8. 0-0 Nc6 9. Re1 h6 10. a4 Be7 11. Na3 a6 12. Qc2 g5 13. h3 Bf8 14. b5 Na5 15. Rb1 Bc5 16. Nd2 Ne7 17. Nb3 Nxb3 18. Qxb3 Ng6 19. b6 Qc6 20. Bxg6 fxg6 21. Qc2 Kf7 22. Qd3 Kg7 23. a5 Rhf8 24. Re2 Qa4 25. Ra2 Qh4 26. Be3 Rac8 27. Bxc5 Rxc5 28. Rb4 Qh5 29. Nc2 Rf4 30. Rxf4 gxf4 0-1

[Event "Titled Tuesday intern op 20th Jun Late"]
[Site "Chess.com INT"]
[Date "2023.06.20"]
[Round "10"]
[White "Florianovitz, Derlei Alex"]
[Black "Fernandez, Maria Florencia"]
[Result "1-0"]
[WhiteElo "2079"]
[BlackElo "2085"]
[PlyCount "107"]
[EventDate "2023.06.20"]
[EventType "swiss (blitz)"]
[EventRounds "11"]
[EventCountry "USA"]
[SourceTitle "EXT 2024"]
[Source "ChessBase"]
[SourceDate "2023.10.10"]
[SourceVersion "1"]
[SourceVersionDate "2023.10.10"]
[SourceQuality "1"]

1. e4 c5 2. Nf3 d6 3. d4 cxd4 4. Nxd4 Nf6 5. Nc3 g6 6. Be3 Bg7 7. f3 0-0 8. Bc4 Nc6 9. Qd2 Bd7 10. 0-0-0 Rb8 11. h4 b5 12. Bb3 Na5 13. g4 Nc4 14. Bxc4 bxc4 15. h5 Qb6 16. Rdg1 Qxb2+ 17. Kd1 e5 18. Nde2 d5 19. exd5 e4 20. hxg6 fxg6 21. fxe4 Nxg4 22. Bd4 Bxd4 23. Qxd4 Nf2+ 24. Kd2 Nxh1 25. Rxh1 Qb6 26. Qxb6 Rxb6 27. e5 Bf5 28. Nd4 Re8 29. e6 Rd6 30. Ke3 a6 31. Nxf5 gxf5 32. Kf4 Rb6 33. Kxf5 Rb2 34. d6 Rxc2 35. d7 Rf2+ 36. Ke5 Ref8 37. e7 R2f5+ 38. Kd4 Rf4+ 39. Ne4 Kf7 40. exf8Q+ Kxf8 41. d8Q+ Kg7 42. Qe7+ Rf7 43. Qe5+ Kf8 44. Rh2 c3 45. Rf2 c2 46. Qc5+ Kg8 47. Rxf7 Kxf7 48. Qxc2 Ke6 49. Qc6+ Kf5 50. Qf6+ Kg4 51. Qg5+ Kf3 52. Qg3+ Ke2 53. Qf2+ Kd1 54. Qd2# 1-0

[Event "Titled Tuesday intern op 13th Jun Late"]
[Site "Chess.com INT"]
[Date "2023.06.13"]
[Round "7"]
[White "Florianovitz, Derlei Alex"]
[Black "Ardila, Oscar Humberto"]
[Result "1-0"]
[WhiteElo "2079"]
[BlackElo "1958"]
[PlyCount "69"]
[EventDate "2023.06.13"]
[EventType "swiss (blitz)"]
[EventRounds "11"]
[EventCountry "USA"]
[SourceTitle "EXT 2024"]
[Source "ChessBase"]
[SourceDate "2023.10.10"]
[SourceVersion "1"]
[SourceVersionDate "2023.10.10"]
[SourceQuality "1"]

1. e4 e5 2. Nf3 Nf6 3. Nxe5 d6 4. Nf3 Nxe4 5. d4 Be7 6. Bd3 d5 7. 0-0 Nc6 8. h3 Nb4 9. Be2 0-0 10. a3 Nc6 11. c4 Be6 12. cxd5 Bxd5 13. Nc3 Nxc3 14. bxc3 Bf6 15. Rb1 Na5 16. Bd3 b6 17. Re1 Rc8 18. Ne5 c5 19. Ng4 cxd4 20. cxd4 Be7 21. Qe2 Bd6 22. Ne5 Nb3 23. Bb2 f6 24. Nc4 Bf4 25. Qg4 Bb8 26. Ne3 Bf7 27. d5 Qd6 28. g3 Qd8 29. Nf5 Bg6 30. Ne7+ Kh8 31. Nxg6+ hxg6 32. Bxg6 Kg8 33. Qh5 Re8 34. Qh7+ Kf8 35. Qh8# 1-0

[Event "Titled Tuesday intern op 13th Jun Late"]
[Site "Chess.com INT"]
[Date "2023.06.13"]
[Round "11"]
[White "Florianovitz, Derlei Alex"]
[Black "Fajdetic, Hrvoje"]
[Result "0-1"]
[WhiteElo "2079"]
[BlackElo "2151"]
[PlyCount "110"]
[EventDate "2023.06.13"]
[EventType "swiss (blitz)"]
[EventRounds "11"]
[EventCountry "USA"]
[SourceTitle "EXT 2024"]
[Source "ChessBase"]
[SourceDate "2023.10.10"]
[SourceVersion "1"]
[SourceVersionDate "2023.10.10"]
[SourceQuality "1"]

1. e4 c5 2. Nf3 a6 3. d4 cxd4 4. Nxd4 Nf6 5. Nc3 e5 6. Nde2 Bb4 7. Qd3 d5 8. exd5 Qxd5 9. Qxd5 Nxd5 10. Bd2 Nxc3 11. Nxc3 Nc6 12. Bc4 Bf5 13. 0-0-0 Rc8 14. Nd5 Bxd2+ 15. Rxd2 Nd4 16. Bb3 Rc5 17. Ne3 Nxb3+ 18. axb3 Be6 19. Kb1 0-0 20. Rhd1 f5 21. Rd8 f4 22. Rxf8+ Kxf8 23. Nf1 Bf5 24. Rd2 Ke7 25. Kc1 g5 26. b4 Rb5 27. c3 e4 28. Rd4 Re5 29. Kd2 Bd7 30. c4 Be6 31. b3 b5 32. Ke2 a5 33. bxa5 bxc4 34. bxc4 Kf6 35. g3 Kf5 36. a6 Ra5 37. Rd6 Bxc4+ 38. Ke1 Ra1+ 39. Rd1 Rxd1+ 40. Kxd1 Bxa6 41. Nd2 e3 42. fxe3 fxe3 43. Nb3 Kg4 44. Nc5 Bc4 45. Nd7 Kh3 46. Ne5 Bb5 47. Nf7 g4 48. Ng5+ Kxh2 49. Nxh7 Kxg3 50. Ke1 Kh2 51. Ng5 g3 52. Nf3+ Kh1 53. Nh4 g2 54. Nxg2 Kxg2 55. Kd1 Kf2 0-1

[Event "Titled Tuesday intern op 13th Jun Late"]
[Site "Chess.com INT"]
[Date "2023.06.13"]
[Round "10"]
[White "Florianovitz, Derlei Alex"]
[Black "Jimenez Garcia, Emanuel"]
[Result "0-1"]
[WhiteElo "2079"]
[BlackElo "2437"]
[PlyCount "40"]
[EventDate "2023.06.13"]
[EventType "swiss (blitz)"]
[EventRounds "11"]
[EventCountry "USA"]
[SourceTitle "EXT 2024"]
[Source "ChessBase"]
[SourceDate "2023.10.10"]
[SourceVersion "1"]
[SourceVersionDate "2023.10.10"]
[SourceQuality "1"]

1. e4 c5 2. Nf3 Qa5 3. c4 Nc6 4. Nc3 g6 5. d4 cxd4 6. Nxd4 Bg7 7. Be3 Nf6 8. Qd2 0-0 9. Be2 d6 10. 0-0 Bd7 11. Rac1 Rac8 12. Nxc6 Bxc6 13. Nd5 Qd8 14. f3 e6 15. Nxf6+ Qxf6 16. b3 b6 17. Qxd6 Rfd8 18. Qg3 Qb2 19. Rf2 Bd4 20. Bf1 Bxe3 0-1

[Event "Titled Tuesday intern op 13th Jun Late"]
[Site "Chess.com INT"]
[Date "2023.06.13"]
[Round "1"]
[White "Florianovitz, Derlei Alex"]
[Black "Vovk, Orest"]
[Result "0-1"]
[WhiteElo "2079"]
[BlackElo "2315"]
[PlyCount "48"]
[EventDate "2023.06.13"]
[EventType "swiss (blitz)"]
[EventRounds "11"]
[EventCountry "USA"]
[SourceTitle "EXT 2024"]
[Source "ChessBase"]
[SourceDate "2023.10.10"]
[SourceVersion "1"]
[SourceVersionDate "2023.10.10"]
[SourceQuality "1"]

1. e4 g5 2. d4 h6 3. f4 g4 4. Qxg4 d5 5. Qh5 Nf6 6. Qd1 Nxe4 7. Nf3 Bg4 8. Bd3 e6 9. h3 Bxf3 10. Qxf3 Qh4+ 11. Kf1 Ng3+ 12. Kg1 Nxh1 13. Kxh1 Qe1+ 14. Qf1 Qxf1+ 15. Bxf1 Nc6 16. c3 0-0-0 17. Be3 h5 18. b4 Ne7 19. Nd2 Nf5 20. Bf2 Bh6 21. g3 Rdg8 22. Kh2 h4 23. g4 Bxf4+ 24. Kg2 Bxd2 0-1

[Event "Titled Tuesday intern op 13th Jun Late"]
[Site "Chess.com INT"]
[Date "2023.06.13"]
[Round "3"]
[White "Tokhirjonova, Gulruhbegim"]
[Black "Florianovitz, Derlei Alex"]
[Result "1-0"]
[WhiteElo "2340"]
[BlackElo "2079"]
[PlyCount "137"]
[EventDate "2023.06.13"]
[EventType "swiss (blitz)"]
[EventRounds "11"]
[EventCountry "USA"]
[SourceTitle "EXT 2024"]
[Source "ChessBase"]
[SourceDate "2023.10.10"]
[SourceVersion "1"]
[SourceVersionDate "2023.10.10"]
[SourceQuality "1"]

1. d4 Nf6 2. c4 e6 3. Nc3 Bb4 4. e3 0-0 5. Bd3 d5 6. Nge2 Nbd7 7. 0-0 b6 8. a3 Be7 9. b4 dxc4 10. Bxc4 Bb7 11. Bb2 a5 12. b5 e5 13. Ng3 exd4 14. exd4 Bd6 15. Nf5 Rc8 16. Re1 Re8 17. Qd2 Bf8 18. Qg5 Rxe1+ 19. Rxe1 Kh8 20. Bxf7 h6 21. Qg6 Nb8 22. Nxh6 gxh6 23. Re8 Qxd4 24. Rxc8 Bxc8 25. h3 Bg7 26. Bb3 Nbd7 27. Nd1 Qd6 28. Ne3 Ne5 29. Qc2 Be6 30. Bxe6 Qxe6 31. Qxc7 Nd5 32. Qd8+ Kh7 33. Nxd5 Nf3+ 34. gxf3 Bxb2 35. Qc7+ Bg7 36. Nxb6 Qg6+ 37. Kf1 Qb1+ 38. Kg2 Qxb5 39. Nc4 Qg5+ 40. Kh2 a4 41. Qg3 Qc5 42. Qg4 Qc7+ 43. Kg2 Qc6 44. Qe4+ Qxe4 45. fxe4 Kg6 46. Nb6 Bb2 47. Nxa4 Bxa3 48. Nb6 Kf6 49. Kf3 Bc5 50. Nc4 Ke6 51. Ke2 Bb6 52. f4 Ba7 53. Kf3 Kf6 54. Kg4 Kg6 55. e5 Kf7 56. Kf5 Bd4 57. Ke4 Bf2 58. f5 Ke7 59. Kd5 Kf7 60. Nd6+ Kg7 61. f6+ Kg6 62. Ke6 Bg3 63. f7 Kg7 64. Ke7 Bh4+ 65. Ke8 Bg3 66. f8Q+ Kg6 67. Qf6+ Kh5 68. Qf5+ Kh4 69. Qg4# 1-0

[Event "Titled Tuesday intern op 30th May Late"]
[Site "Chess.com INT"]
[Date "2023.05.30"]
[Round "11"]
[White "Aalto, Patrik"]
[Black "Florianovitz, Derlei Alex"]
[Result "1-0"]
[WhiteElo "2226"]
[BlackElo "2079"]
[PlyCount "91"]
[EventDate "2023.05.30"]
[EventType "swiss (blitz)"]
[EventRounds "11"]
[EventCountry "USA"]
[SourceTitle "CBM 214 Extra"]
[Source "ChessBase"]
[SourceDate "2023.07.31"]
[SourceVersion "1"]
[SourceVersionDate "2023.07.31"]
[SourceQuality "1"]

1. e4 e6 2. Nf3 d5 3. e5 c5 4. b4 cxb4 5. a3 b3 6. cxb3 Nh6 7. d4 Nf5 8. Bd3 Nc6 9. Bxf5 exf5 10. 0-0 Be7 11. Nc3 Be6 12. Ne2 g5 13. Qd3 g4 14. Ne1 h5 15. Nf4 h4 16. Nc2 Rc8 17. Ne3 Qd7 18. Bd2 Rg8 19. Rfc1 a6 20. b4 Bg5 21. Nfxd5 Bxd5 22. Nxf5 Bxd2 23. Nd6+ Qxd6 24. exd6 Bxc1 25. Rxc1 Kd7 26. b5 Nb4 27. Qf1 Rxc1 28. Qxc1 Nd3 29. Qc7+ Ke6 30. d7 h3 31. d8Q Rxd8 32. Qxd8 axb5 33. Qe8+ Kf5 34. Qxb5 Ke4 35. f3+ Kxd4 36. Qb6+ Nc5 37. Qb4+ Bc4 38. fxg4 hxg2 39. Kxg2 b5 40. h4 Nd3 41. Qd6+ Ke3 42. h5 Nf4+ 43. Kg3 Ne2+ 44. Kh4 Nd4 45. Qe5+ Kd2 46. Qxd4+ 1-0